000 00293nam a22001337a 4500
008 190227b xxu||||| |||| 00| 0 eng d
020 _a9780471389132
041 _aeng
080 _a573
100 _a11
101 _aBIO
245 _aCell and Molecular Biology
_cKarp, G
942 _2udc
_cBK
999 _c54360
_d54360